|
|
|
|
| LEADER |
00000nab a2200000 a 4500 |
| 001 |
vtls010055987 |
| 003 |
SK-MaSNL |
| 005 |
20260304233412.0 |
| 008 |
140302c2009 xo sr|p||| |000 b|slo |
| 015 |
|
|
|a SNBRB2010/01
|
| 038 |
|
|
|a SPK
|
| 040 |
|
|
|a SPKCL
|b slo
|c AACR2
|e AACR2
|
| 041 |
0 |
|
|a slo
|
| 044 |
|
|
|a xo
|c SK
|
| 072 |
|
7 |
|a 37
|x Výchova a vzdelávanie
|2 konspekt
|
| 072 |
|
7 |
|a 51
|x Matematika
|2 konspekt
|
| 072 |
|
7 |
|a 028
|x Čítanie
|2 konspekt
|
| 080 |
|
|
|a 371.263
|2 2001
|
| 080 |
|
|
|a 028.1
|2 2001
|
| 080 |
|
|
|a 51
|2 2001
|
| 245 |
0 |
0 |
|a Analýza vybraných úloh z matematickej a čitateľskej gramotnosti
|
| 300 |
|
|
|b Fotogr., grafy, obr.
|
| 546 |
|
|
|a Res. slov.
|
| 650 |
0 |
7 |
|a hodnotenie žiakov
|2 snkbucl
|9 3929
|
| 650 |
0 |
7 |
|a matematická gramotnosť
|2 snkbucl
|9 107286
|
| 650 |
0 |
7 |
|a čitateľská gramotnosť
|2 snkbucl
|9 69767
|
| 650 |
0 |
7 |
|a úlohy
|2 snkbucl
|9 3885
|
| 650 |
0 |
7 |
|a analýza
|2 snkbucl
|9 3815
|
| 650 |
0 |
7 |
|a základné školy
|2 snkbucl
|9 1280
|
| 650 |
0 |
7 |
|a ročník 9.
|2 snkbucl
|9 881991
|
| 773 |
0 |
|
|t Učiteľské noviny
|g Roč. LVIII, č. 49. - 50. týždeň (2009), s. 12-13
|x 0139-5769
|
| 852 |
|
|
|a SPK
|b KIS3GCP
|
| 856 |
4 |
1 |
|u www.ucitelskenoviny.eu
|
| 999 |
|
|
|c 3198421
|d 3200351
|